| Tag |
First Indicator |
Second Indicator |
Subfields |
| LEADER |
00000cam a2200000Ia 4500 |
| 001 |
in00001702344 |
| 005 |
20151024153058.0 |
| 008 |
930405m19861960ne abef rde 001 0 eng d |
| 020 |
|
|
|a 9004081143
|
| 020 |
|
|
|a 9004070265
|
| 020 |
|
|
|a 9004081186
|
| 020 |
|
|
|a 9004057455
|
| 020 |
|
|
|a 9004078193
|
| 035 |
|
|
|a (OCoLC)ocm20840897
|
| 040 |
|
|
|a GRZ
|c GRZ
|d OCL
|d OCLCQ
|d TXA
|d UtOrBLW
|
| 049 |
|
|
|a TXAM
|
| 090 |
|
|
|a DS37
|b .E523 1986
|
| 245 |
0 |
4 |
|a The Encyclopaedia of Islam :
|b new edition /
|c prepared by a number of leading orientalists ; edited by an editorial committee consisting of H.A.R. Gibb [and others] ; under patronage of the international union of academies.
|
| 250 |
|
|
|a New ed. ; photomechanical reprint.
|
| 264 |
|
1 |
|a Leiden :
|b Brill ;
|a London :
|b Luzac,
|c 1986-
|
| 264 |
|
4 |
|c ©1960-
|
| 300 |
|
|
|a volumes :
|b illustrations, plates, folded maps (part color), plans ;
|c 27 cm.
|
| 336 |
|
|
|a text
|b txt
|2 rdacontent
|
| 337 |
|
|
|a unmediated
|b n
|2 rdamedia
|
| 338 |
|
|
|a volume
|b nc
|2 rdacarrier
|
| 500 |
|
|
|a Issued in parts.
|
| 500 |
|
|
|a Dates of publication and copyright in different volumes vary.
|
| 500 |
|
|
|a Also published in French and in German.
|
| 504 |
|
|
|a Includes bibliographies.
|
| 500 |
|
|
|a Index to volumes 1-5 & suppl. 1-6, compiled by H. & J.D. Pearson, edited by E. von Donzel, in separate issue.
|
| 505 |
1 |
|
|a v. 1. A-B, 1986, c1960. -- v. 2. C-G, 1983, c1965. -- v. 3. H-IRAM, 1986, 1971. -- v. 4. IRAN-KHA, c1978. -- v. 5. KHE-MAHI, c1986 -- v. 6. MAHK-MID, 1991, c1990. -- v. 7. MIF-NAZ, 1993. -- v. 8. NED-SAM, 1995. -- v. 9. SAN-SZE, 1997. -- v. 10. T-U, 2000. -- v. 11. V-Z, 2002.
|
| 650 |
|
0 |
|a Islam
|v Dictionaries.
|
| 651 |
|
0 |
|a Islamic countries
|x Dictionaries and encyclopedias.
|
| 700 |
1 |
|
|a Gibb, H. A. R.
|q (Hamilton Alexander Rosskeen),
|d 1895-1971,
|e editor.
|
| 994 |
|
|
|a E0
|b TXA
|
| 948 |
|
|
|a cataloged
|b h
|c 2002/10/18
|d c
|e blrosas
|f 8:22:56 am
|
| 999 |
|
|
|a MARS
|
| 999 |
f |
f |
|s 3b4c6ef4-0238-3045-ba35-a1ae6057dc39
|i adb77f7a-f791-37e4-b7dd-5dcc91b36ff8
|t 0
|
| 952 |
f |
f |
|p ric
|a Texas A&M University
|b Rellis Campus
|c Joint Library Facility
|d Remote Storage
|t 0
|e DS37 .E523 1986
|h Library of Congress classification
|i unmediated -- volume
|k v.10
|m A14829162266
|
| 952 |
f |
f |
|p ric
|a Texas A&M University
|b Rellis Campus
|c Joint Library Facility
|d Remote Storage
|t 0
|e DS37 .E523 1986
|h Library of Congress classification
|i unmediated -- volume
|k v.11
|m A14829162258
|
| 952 |
f |
f |
|p ric
|a Texas A&M University
|b Rellis Campus
|c Joint Library Facility
|d Remote Storage
|t 0
|e DS37 .E523 1986
|h Library of Congress classification
|i unmediated -- volume
|k v.8
|m A14829162208
|
| 952 |
f |
f |
|p ric
|a Texas A&M University
|b Rellis Campus
|c Joint Library Facility
|d Remote Storage
|t 0
|e DS37 .E523 1986
|h Library of Congress classification
|i unmediated -- volume
|k v.4
|m A14829162169
|
| 952 |
f |
f |
|p ric
|a Texas A&M University
|b Rellis Campus
|c Joint Library Facility
|d Remote Storage
|t 0
|e DS37 .E523 1986
|h Library of Congress classification
|i unmediated -- volume
|k v.7
|m A14829162216
|
| 952 |
f |
f |
|p ric
|a Texas A&M University
|b Rellis Campus
|c Joint Library Facility
|d Remote Storage
|t 0
|e DS37 .E523 1986
|h Library of Congress classification
|i unmediated -- volume
|k v.5
|m A14829162232
|
| 952 |
f |
f |
|p ric
|a Texas A&M University
|b Rellis Campus
|c Joint Library Facility
|d Remote Storage
|t 0
|e DS37 .E523 1986
|h Library of Congress classification
|i unmediated -- volume
|k v.9
|m A14829162274
|
| 952 |
f |
f |
|p ric
|a Texas A&M University
|b Rellis Campus
|c Joint Library Facility
|d Remote Storage
|t 0
|e DS37 .E523 1986
|h Library of Congress classification
|i unmediated -- volume
|k v.1
|m A14829162193
|
| 952 |
f |
f |
|p ric
|a Texas A&M University
|b Rellis Campus
|c Joint Library Facility
|d Remote Storage
|t 0
|e DS37 .E523 1986
|h Library of Congress classification
|i unmediated -- volume
|k v.2
|m A14829162185
|
| 952 |
f |
f |
|p ric
|a Texas A&M University
|b Rellis Campus
|c Joint Library Facility
|d Remote Storage
|t 0
|e DS37 .E523 1986
|h Library of Congress classification
|i unmediated -- volume
|k v.6
|m A14829162224
|
| 952 |
f |
f |
|p ric
|a Texas A&M University
|b Rellis Campus
|c Joint Library Facility
|d Remote Storage
|t 0
|e DS37 .E523 1986
|h Library of Congress classification
|i unmediated -- volume
|k v.3
|m A14829162177
|
| 998 |
f |
f |
|a DS37 .E523 1986
|s v.1-v.11
|t 0
|l Remote Storage
|